000 00901nam a2200289Ia 4500
005 20260324115501.0
008 008 260324s9999 xx 000 0 eng d
020 _a9781315269184
037 _aEBOOK
040 _aCRL
040 _beng
040 _cCRL
041 _2eng
041 _aeng
084 _qCRL
100 _aFord Lumban Gaol; Fonny Hutagalung; Chew Fong Peng; Zulkifli Isa; A.R. Rushdan
_91154841
245 0 _aTrends and Issues in Interdisciplinary Behavior and Social Science
245 0 _bProceedings of the 5th International Congress on Interdisciplinary Behavior and Social Science (ICIBSoS 2016), 5-6 November 2016, Jogjakarta, Indonesia
260 _bTaylor and Francis
260 _c2017
365 _a
365 _b465
856 _uhttp://www.taylorfrancis.com/books/9781315269184
942 _cEBOOK
999 _c1745756
_d1745756